Un sólo mundo, voces múltiples: comunicación e información en nuestro tiempo

Salvato in:
Dettagli Bibliografici
Autore principale: MacBride, Seán (autor)
Natura: Libro
Lingua:spagnolo
Pubblicazione: Ciudad de México Fondo de Cultura Económica 1987
Edizione:2a. ed
Serie:Colección Popular, 372
Soggetti:
Tags: Aggiungi Tag
Nessun Tag, puoi essere il primo ad aggiungerne!!

MARC

LEADER 00000nam a2200000 a 4500
001 UCT1291
003 CL-VaPUC
008 960927e19870000MX |||||||||||||||||spa|d
082 0 4 |a 302.23  |b MAC  |2 21 
100 |a MacBride, Seán  |e autor  |9 370094 
245 1 3 |a Un sólo mundo, voces múltiples: comunicación e información en nuestro tiempo 
250 |a 2a. ed 
300 |a 269 p 
942 |c BK 
945 |d 19960927 00:00:00  |a nastorga 
260 |a Ciudad de México  |b Fondo de Cultura Económica  |c 1987 
650 0 |a Comunicación   |9 257251 
650 0 |a Información  |9 256927 
650 7 |a DIFUSION DE LA INFORMACION  |2 CL-VaPUC  |9 337810 
650 0 |a Medios de comunicación en masa   |9 369279 
650 0 |a Historia  |9 255047 
650 0 |a Política de la comunicación   |9 334449 
650 0 |a Sociología   |9 255410 
650 0 |a Informática   |9 260044 
650 0 |a Periodistas   |9 335499 
650 0 |a Estrategias de comunicación  |9 370095 
650 7 |a DERECHOS A LA COMUNICACION  |2 CL-VaPUC  |9 370096 
583 |a last modification  |c 20171031 11:00:12  |k Rodrigo Vera 
490 0 |a Colección Popular, 372 
999 |c 251855  |d 251853 
952 |0 0  |1 0  |4 0  |6 302_230000000000000_MAC_1987  |7 0  |8 A  |9 271321  |a BIBCUR  |b BIBCUR  |d 2019-11-19  |i 3542688  |o 302.23 MAC 1987  |p 3542688  |r 2025-04-22  |w 2019-11-19  |y BK  |k PER